Le haiku : collection japonaise pour la presentation de textes poetiques /
Guardado en:
| Autor Principal: | |
|---|---|
| Formato: | Libro |
| Publicado: |
Paris :
Librairie Orientaliste Paul Geuthner,
1935
|
| Materias: | |
| Etiquetas: |
Agregar Etiqueta
Sin Etiquetas, Sea el primero en etiquetar este registro!
|
| LEADER | 00547nam a22001695a 4500 | ||
|---|---|---|---|
| 001 | EHU.bham023743 | ||
| 003 | AR-BHAM | ||
| 005 | 20110222133508.0 | ||
| 008 | 130507s1935##################000#0#####d | ||
| 082 | 8 | 9 | |a 895.61 |
| 100 | 1 | |a Bonneau, Georges | |
| 245 | 1 | 0 | |a Le haiku : |b collection japonaise pour la presentation de textes poetiques / |c Georges Bonneau |
| 260 | |a Paris : |b Librairie Orientaliste Paul Geuthner, |c 1935 | ||
| 300 | |a 59 p. | ||
| 653 | |a Haiku | ||
| 653 | |a Poesia japonesa | ||
| 859 | |a AR-BHAM |b BIB. HUMANIDADES - General |h 895.61 |i B642-2 |p 577.64 |t Ej.1 | ||
